00461nam a22001577a 450000500170000000800410001702000150005804100130007308200150008610000280010124500450012925000200017426000480019430000350024265000260027720231109131310.0231109b |||||||| |||| 00| 0 eng d a0702149217 aEnglish  a346.2 CHR  aChristie, RH lEnglish  aBusiness Law in Zimbabwe /cRH Christie  aSecond Edition  aCape Town : bJuta and Company Ltd, c1998  blxxxiii, 546 pages ; c26 cm.  aLegal practice bLaw